Type the numbers 1-9 - Statistics

General Stats
  • This quiz has been taken 265 times
  • The average score is 9 of 9
Answer Stats
Answer % Correct
1
100%
2
97%
3
96%
4
96%
5
96%
6
94%
7
94%
8
93%
9
93%
No matching quizzes found
Score Distribution
Percent of People with Each Score
Percentile by Number Answered
Your Score History
You have not taken this quiz